[Event "AUT-chT Blitz"]
[Site "Pasching"]
[Date "2025.05.31"]
[Round "5.15"]
[White "Bauer, Sebastian"]
[Black "Erdos, Viktor"]
[Result "0-1"]
[WhiteElo "2330"]
[BlackElo "2542"]
[PlyCount "44"]
[EventDate "2025.05.31"]
[EventType "team-swiss (blitz)"]
[EventRounds "13"]
[EventCountry "AUT"]
[SourceTitle "CB23_2025"]
[SourceDate "2025.06.04"]
[SourceVersion "1"]
[SourceVersionDate "2025.06.04"]
[SourceQuality "1"]
[WhiteTeam "Hoersching"]
[BlackTeam "Pinggau Friedberg"]
[WhiteTeamCountry "AUT"]
[BlackTeamCountry "AUT"]

1. e4 c5 2. Nf3 d6 3. d4 cxd4 4. Nxd4 Nf6 5. Nc3 g6 6. Be3 Nc6 7. f3 e5 8. Nb3 Be6 9. Nd5 Bxd5 10. exd5 Ne7 11. c4 Nf5 12. Bg5 Be7 13. Bd3 Nxd5 14. Bxf5 Bxg5 15. Qxd5 gxf5 16. Rd1 Rg8 17. 0-0 Bf4 18. Qxb7 Rg6 19. c5 Rb8 20. Qc6+ Kf8 21. Rxd6 Qh4 22. h3 Rxg2+ 0-1

[Event "AUT-chT 2425"]
[Site "Austria"]
[Date "2024.10.12"]
[Round "4.4"]
[White "Rodshtein, Maxim"]
[Black "Bauer, Sebastian"]
[Result "1-0"]
[WhiteElo "2613"]
[BlackElo "2334"]
[PlyCount "55"]
[EventDate "2024.10.09"]
[EventType "team-tourn"]
[EventRounds "11"]
[EventCountry "AUT"]
[SourceTitle "CB42_2024"]
[Source "ChessBase"]
[SourceDate "2024.10.16"]
[SourceVersion "1"]
[SourceVersionDate "2024.10.16"]
[SourceQuality "1"]
[WhiteTeam "Linz"]
[BlackTeam "Maria Saal"]
[WhiteTeamCountry "AUT"]
[BlackTeamCountry "AUT"]

1. d4 Nf6 2. c4 g6 3. Nc3 Bg7 4. e4 d6 5. h3 0-0 6. Be3 e5 7. d5 Na6 8. Nf3 Nh5 9. a3 Qe8 10. b4 f5 11. c5 f4 12. Bd2 dxc5 13. Bxa6 bxa6 14. bxc5 Nf6 15. Qe2 Kh8 16. Rb1 g5 17. Nxg5 Rg8 18. Nf3 Bf8 19. Qc4 Rxg2 20. Ne2 Qh5 21. Rb3 Ng4 22. Rf1 Nh2 23. Nxh2 Rxh2 24. Nxf4 Qh4 25. d6 exf4 26. Qf7 Qh6 27. Bc3+ Bg7 28. Qf8# 1-0

[Event "AUT-chT 2425"]
[Site "Austria"]
[Date "2024.10.11"]
[Round "3.5"]
[White "Virag, Herbert"]
[Black "Bauer, Sebastian"]
[Result "0-1"]
[WhiteElo "1842"]
[BlackElo "2334"]
[PlyCount "62"]
[EventDate "2024.10.09"]
[EventType "team-tourn"]
[EventRounds "11"]
[EventCountry "AUT"]
[SourceTitle "CB42_2024"]
[Source "ChessBase"]
[SourceDate "2024.10.16"]
[SourceVersion "1"]
[SourceVersionDate "2024.10.16"]
[SourceQuality "1"]
[WhiteTeam "Pamhagen"]
[BlackTeam "Maria Saal"]
[WhiteTeamCountry "AUT"]
[BlackTeamCountry "AUT"]

1. d4 Nf6 2. Nc3 d5 3. Bf4 g6 4. e3 Bg7 5. h4 h5 6. Nf3 0-0 7. Ne5 c5 8. Qd2 cxd4 9. exd4 Nc6 10. 0-0-0 Qa5 11. Kb1 Bf5 12. a3 Rfc8 13. f3 a6 14. Be2 Qd8 15. g4 hxg4 16. h5 b5 17. fxg4 Ne4 18. Qe3 Nxe5 19. gxf5 Rxc3 20. bxc3 Nc4 21. Bxc4 bxc4 22. hxg6 Qa5 23. Qg1 f6 24. Qh2 Ra7 25. Qh7+ Kf8 26. Qxg7+ Kxg7 27. Rh7+ Kg8 28. Rdh1 Rb7+ 29. Kc1 Qxa3+ 30. Kd1 Rb1+ 31. Ke2 Rxh1 0-1

[Event "AUT-ch"]
[Site "Linz"]
[Date "2024.07.31"]
[Round "5"]
[White "Gloessl, Sota Alexander"]
[Black "Bauer, Sebastian"]
[Result "0-1"]
[WhiteElo "2112"]
[BlackElo "2324"]
[PlyCount "55"]
[EventDate "2024.07.27"]
[EventType "swiss"]
[EventRounds "9"]
[EventCountry "AUT"]
[SourceTitle "CBM 221 Extra"]
[Source "ChessBase"]
[SourceDate "2024.09.30"]
[SourceVersion "1"]
[SourceVersionDate "2024.09.30"]
[SourceQuality "1"]

1. g3 g6 2. Bg2 Bg7 3. e4 c5 4. Ne2 Nc6 5. d3 d6 6. h3 e6 7. c3 Nge7 8. Na3 d5 9. 0-0 0-0 10. Nc2 dxe4 11. dxe4 b6 12. Nf4 Ba6 13. Re1 Qxd1 14. Rxd1 g5 15. Nd5 exd5 16. exd5 Rad8 17. Bxg5 f6 18. dxc6 fxg5 19. a4 Bd3 20. Na3 c4 21. Nb5 a6 22. a5 bxa5 23. Nc7 Rc8 24. Ne6 Rf5 25. c7 Re5 26. Re1 Rxe1+ 27. Rxe1 Bf6 28. Bb7 0-1

[Event "AUT-ch"]
[Site "Linz"]
[Date "2024.07.28"]
[Round "2"]
[White "Bauer, Sebastian"]
[Black "Merei, David"]
[Result "1-0"]
[WhiteElo "2324"]
[BlackElo "1990"]
[PlyCount "63"]
[EventDate "2024.07.27"]
[EventType "swiss"]
[EventRounds "9"]
[EventCountry "AUT"]
[SourceTitle "CBM 221 Extra"]
[Source "ChessBase"]
[SourceDate "2024.09.30"]
[SourceVersion "1"]
[SourceVersionDate "2024.09.30"]
[SourceQuality "1"]

1. e4 c5 2. Nf3 e6 3. d4 cxd4 4. Nxd4 Nc6 5. Nc3 Qc7 6. Be3 a6 7. Qf3 Nf6 8. 0-0-0 h5 9. Nxc6 dxc6 10. Qg3 e5 11. f3 b5 12. h4 Be6 13. Be2 a5 14. f4 b4 15. Na4 Nxe4 16. Qf3 Nf6 17. fxe5 Ng4 18. Bb6 Qb7 19. Rhe1 Be7 20. Bd3 0-0 21. Bf5 Bxh4 22. Rh1 Bg5+ 23. Kb1 g6 24. Bxe6 fxe6 25. Qb3 Qf7 26. Bc5 Rfd8 27. Rdf1 Qe8 28. Rf8+ Qxf8 29. Bxf8 Rxf8 30. Nc5 a4 31. Qxe6+ Kg7 32. Qd7+ 1-0

[Event "Budapest SixDays 09 GM"]
[Site "Budapest"]
[Date "2022.09.18"]
[Round "5"]
[White "Bauer, Sebastian"]
[Black "Song, Raymond"]
[Result "0-1"]
[WhiteElo "2320"]
[BlackElo "2478"]
[PlyCount "88"]
[EventDate "2022.09.15"]
[EventType "tourn"]
[EventRounds "9"]
[EventCountry "HUN"]
[EventCategory "8"]
[SourceTitle "CBM 210 Extra"]
[Source "ChessBase"]
[SourceDate "2022.11.30"]
[SourceVersion "1"]
[SourceVersionDate "2022.11.30"]
[SourceQuality "1"]

1. Nf3 d5 2. g3 g6 3. Bg2 Bg7 4. 0-0 e5 5. d3 Nc6 6. e4 dxe4 7. dxe4 Qxd1 8. Rxd1 Bg4 9. c3 Nf6 10. Re1 0-0 11. Nbd2 Rfd8 12. h3 Be6 13. Bf1 h6 14. b4 Ne8 15. Nb3 b6 16. b5 Ne7 17. Ba3 c5 18. bxc6 Nxc6 19. Rac1 Rac8 20. Kg2 f5 21. Nfd2 Nd6 22. c4 Nxe4 23. Nxe4 fxe4 24. c5 Nd4 25. Bc4 Bxc4 26. Rxc4 b5 27. Rc3 Nxb3 28. Rxb3 Rd2 29. Rxb5 Rf8 30. Rf1 e3 31. c6 Rdxf2+ 32. Rxf2 Rxf2+ 33. Kg1 Rf7 34. Rb8+ Kh7 35. Rb7 e2 36. Bb4 Rf1+ 37. Kg2 e1Q 38. Bxe1 Rxe1 39. c7 Rc1 40. Rxa7 e4 41. a4 Rc2+ 42. Kf1 h5 43. a5 e3 44. Rb7 Kh6 0-1

[Event "AUT-ch Zwisch Internet"]
[Site "Playchess.com INT"]
[Date "2020.05.02"]
[Round "3"]
[White "Freitag, Manfred"]
[Black "Bauer, Sebastian"]
[Result "1-0"]
[WhiteElo "2356"]
[BlackElo "2237"]
[PlyCount "75"]
[EventDate "2020.05.02"]
[EventType "swiss (blitz)"]
[EventRounds "13"]
[EventCountry "AUT"]
[SourceTitle "CBM 195 Extra"]
[Source "ChessBase"]
[SourceDate "2020.05.31"]
[SourceVersion "1"]
[SourceVersionDate "2020.05.31"]
[SourceQuality "1"]

1. e4 e5 2. Nf3 Nc6 3. Bb5 a6 4. Ba4 Nf6 5. 0-0 Be7 6. Re1 b5 7. Bb3 d6 8. c3 0-0 9. h3 Bb7 10. d4 Re8 11. Nbd2 Bf8 12. Bc2 h6 13. a3 g6 14. b4 Bg7 15. Bb2 Qd7 16. Bd3 Nh5 17. Qc2 Nf4 18. Bf1 g5 19. Rad1 g4 20. hxg4 Qxg4 21. g3 Ng6 22. d5 Nce7 23. c4 bxc4 24. Nxc4 Bc8 25. Ne3 Qd7 26. Rc1 Ra7 27. Nh2 f5 28. exf5 Nxf5 29. Nxf5 Qxf5 30. Bd3 e4 31. Rxe4 Rf8 32. Bxg7 Kxg7 33. Rg4 Qxg4 34. Nxg4 Bxg4 35. Bxg6 a5 36. b5 Rb7 37. a4 Rf6 38. Be4 1-0